Bag it /

Americans use 60,000 plastic bags every five minutes that we then throw away. But where is 'away?' Where do the bags and other plastics end up, and at what cost to our environment, marine life and human health? Follows 'everyman' Jeb Berrier as he navigates our plastic world. Jeb...

Full description

Bibliographic Details
Corporate Authors: New Day Films, Reel Thing Films, Docurama (Firm)
Other Authors: Berrier, Jeb, Wright, Michelle Curry (Screenwriter), Beraza, Suzan (Producer, Director), Hill, Michelle (Producer), Warren, Alexa (Producer), Reeser, Anne, Berrier, Wiliam
Format: Video DVD
Language:English
Published: [New York] : Docuramafilms, [2010]
Subjects:

MARC

Tag First Indicator Second Indicator Subfields
LEADER 00000cgm a2200000Ia 4500
001 in00002784787
005 20150922151414.0
007 vd cvaizs
008 111205s2010 nyu078 vleng d
020 |a 1422995771 
020 |a 9781422995778 
024 1 0 |a 767685262795 
028 4 2 |a 262790  |b Docuramafilms 
035 |a (OCoLC)ocn767533103 
037 |b Midwest Tape  |n http://www.midwesttapes.com 
040 |a TEFMT  |c TEFMT  |d TEF  |d GK8  |d YDXCP  |d IBI  |d QBX  |d VP@  |d TXA  |d UtOrBLW 
043 |a n-us--- 
049 |a TXAM 
082 0 4 |a 363.72/88  |2 23 
090 |a TP1120  |b .B334 2012 
245 0 0 |a Bag it /  |c New Day Films ; Reel Thing Films ; directed by Suzan Beraza ; produced by Suzan Beraza & Michelle Hill and Alexa Warren ; written by Michelle Curry Wright. 
246 1 |i subtitle on disc label:  |a Is your life too plastic? 
264 1 |a [New York] :  |b Docuramafilms,  |c [2010] 
300 |a 1 videodisc (78 min.) :  |b sound, color ;  |c 4 3/4 in. 
336 |a two-dimensional moving image  |b tdi  |2 rdacontent 
337 |a video  |b v  |2 rdamedia 
338 |a videodisc  |b vd  |2 rdacarrier 
538 |a DVD; NTSC; stereo. 
511 0 |a Featuring Jeb Berrier and Anne Reeser & Wiliam Berrier. 
508 |a Editors, Suzan Beraza, Casey Nay ; music, Larry Groupé ; cinematographer, Leigh Reagan. 
520 |a Americans use 60,000 plastic bags every five minutes that we then throw away. But where is 'away?' Where do the bags and other plastics end up, and at what cost to our environment, marine life and human health? Follows 'everyman' Jeb Berrier as he navigates our plastic world. Jeb is not a radical environmentalist, but an average American who decides to take a closer look at our cultural love affair with plastics. 
500 |a Special features: Jeb in the Netherlands, Bioplastic pros and cons, Extended interview with Dr. Shanna Swan, Sylvia Earle talks about life before plastic, Wallace J. Nichols talks about the environmental movement, Dr. Richard Thompson explains plastic and POPs. 
500 |a Videorecording. 
650 0 |a Plastics. 
650 0 |a Environmental responsibility. 
650 0 |a Plastic scrap  |z United States. 
655 7 |a Environmental films.  |2 lcgft 
655 7 |a Nonfiction films.  |2 lcgft 
655 7 |a Documentary films.  |2 lcgft 
655 7 |a Feature films.  |2 lcgft 
700 1 |a Berrier, Jeb. 
700 1 |a Wright, Michelle Curry,  |e screenwriter. 
700 1 |a Beraza, Suzan,  |e producer,  |e director. 
700 1 |a Hill, Michelle,  |e producer. 
700 1 |a Warren, Alexa,  |e producer. 
700 1 |a Reeser, Anne. 
700 1 |a Berrier, Wiliam. 
710 2 |a New Day Films. 
710 2 |a Reel Thing Films. 
710 2 |a Docurama (Firm) 
938 |a YBP Library Services  |b YANK  |n 7696828 
938 |a Quality Books, Inc.  |b QUAL  |n qbi12002608 
948 |a cataloged  |b h  |c 2012/11/28  |d c  |e agreen 
994 |a C0  |b TXA 
999 |a MARS 
999 f f |s 90db9c16-75cc-3e85-8f4d-d42416a53c3c  |i d3317445-37a3-3da0-ae18-1b79543e2b6e  |t 0 
952 f f |p dvd  |a Texas A&M University  |b College Station  |c Sterling C. Evans Library  |d Evans: Media and Reserves (Annex 1st floor)  |t 0  |e TP1120 .B334 2012  |h Library of Congress classification  |i video -- videodisc  |m A14841942221 
998 f f |a TP1120 .B334 2012  |t 0  |l Evans: Media and Reserves (Annex 1st floor)